|
|
|
|
| LEADER |
01386nam a2200373 a 4500 |
| 001 |
nkc20142563861 |
| 003 |
CZ PrNK |
| 005 |
20140610102051.0 |
| 007 |
ta |
| 008 |
140206s2013 xr a e f 001 0 cze |
| 015 |
|
|
|a cnb002563861
|
| 020 |
|
|
|a 978-80-7300-468-2
|q (brož.)
|z 9788073004682
|
| 035 |
|
|
|a (OCoLC)872342427
|
| 040 |
|
|
|a ABA001
|b cze
|
| 072 |
|
7 |
|a 621.3
|x Elektrotechnika
|2 Konspekt
|9 19
|
| 080 |
|
|
|a 621.372.54.037.33
|2 MRF
|
| 080 |
|
|
|a (035)
|2 MRF
|
| 100 |
1 |
|
|a Gajdošík, Libor
|7 jn20010309800
|4 aut
|
| 245 |
1 |
0 |
|a Návrh analogových filtrů /
|c Libor Gajdošík
|
| 250 |
|
|
|a 1. vyd.
|
| 260 |
|
|
|a Praha :
|b BEN - technická literatura,
|c 2013
|
| 300 |
|
|
|a 239 s. :
|b il. ;
|c 21 cm
|
| 504 |
|
|
|a Obsahuje bibliografii, bibliografické odkazy a rejstřík
|
| 650 |
0 |
7 |
|a analogové filtry
|7 ph211258
|2 czenas
|
| 650 |
0 |
9 |
|a analog filters
|2 eczenas
|
| 655 |
|
7 |
|a příručky
|7 fd133209
|2 czenas
|
| 655 |
|
9 |
|a handbooks and manuals
|2 eczenas
|
| 910 |
2 |
|
|a BOA001
|b 2-1327.806
|
| 990 |
|
|
|a BK
|
| 995 |
|
|
|a 01
|
| 991 |
|
|
|b 201405
|c NOV
|e n
|
| 996 |
6 |
|
|b 2610592725
|c 2-1327.806
|l MZK
|r Sklad / do 1 hodiny
|n 0
|p p.v.
|w 001425319
|u 000010
|a 1
|e BOA001
|j MZK50
|s P
|
| 996 |
6 |
|
|b 2610593778
|c 2-1327.806
|l MZK
|r STM 6p
|n 0
|p kup
|h 621.3 GAJ
|w 001425319
|u 000020
|a 0
|e BOA001
|j MZK50
|s P
|
| 996 |
7 |
|
|b 2610593779
|c 2-1327.806
|l Vol.výběr
|r VV 1p
|n 8
|p kup
|h 621.3 GAJ
|w 001425319
|u 000030
|a 0
|e BOA001
|j MZK50
|s A
|